Practical guide to ICP-MS (Record no. 11445)

MARC details
000 -LEADER
fixed length control field 03029nam a2200349Ia 4500
001 - CONTROL NUMBER
control field CRC0KE20256PDF
003 - CONTROL NUMBER IDENTIFIER
control field BD-DhSAU
005 - DATE AND TIME OF LATEST TRANSACTION
control field 20151012144302.0
006 - FIXED-LENGTH DATA ELEMENTS--ADDITIONAL MATERIAL CHARACTERISTICS
fixed length control field m|||||o||d||||||||
007 - PHYSICAL DESCRIPTION FIXED FIELD--GENERAL INFORMATION
fixed length control field cr||||
008 - FIXED-LENGTH DATA ELEMENTS--GENERAL INFORMATION
fixed length control field 130725s2013 fluad sb 001 0 eng d
020 ## - INTERNATIONAL STANDARD BOOK NUMBER
International Standard Book Number 9781466555440 (ebook : PDF)
040 ## - CATALOGING SOURCE
Original cataloging agency BD-DhSAU
Transcribing agency BD-DhSAU
090 ## - LOCALLY ASSIGNED LC-TYPE CALL NUMBER (OCLC); LOCAL CALL NUMBER (OCLC)
Classification number (OCLC) (R) ; Classification number, CALL (RLIN) (NR) QD96.I47
Local cutter number (OCLC) ; Book number/undivided call number, CALL (RLIN) T46 2013
092 ## - LOCALLY ASSIGNED DEWEY CALL NUMBER (OCLC)
Classification number 543.65
Item number T461
100 1# - MAIN ENTRY--PERSONAL NAME
Personal name Thomas, Robert,
Dates associated with a name 1949-
245 10 - TITLE STATEMENT
Title Practical guide to ICP-MS
Medium [electronic resource] :
Remainder of title a tutorial for beginners /
Statement of responsibility, etc. Robert Thomas.
250 ## - EDITION STATEMENT
Edition statement 3rd ed.
260 ## - PUBLICATION, DISTRIBUTION, ETC. (IMPRINT)
Place of publication, distribution, etc. Boca Raton :
Name of publisher, distributor, etc. Taylor & Francis,
Date of publication, distribution, etc. 2013.
300 ## - PHYSICAL DESCRIPTION
Extent xxvii, 418 p. :
Other physical details ill.
490 1# - SERIES STATEMENT
Series statement Practical spectroscopy ;
Volume/sequential designation 38
504 ## - BIBLIOGRAPHY, ETC. NOTE
Bibliography, etc Includes bibliographical references and index.
505 0# - FORMATTED CONTENTS NOTE
Formatted contents note ch. 1. An overview of ICP-MS -- ch. 2. Principles of ion formation -- ch. 3. Sample introduction -- ch. 4. Plasma source -- ch. 5. Interface region -- ch. 6. Ion-focusing system -- ch. 7. Mass analyzers : quadrupole technology -- ch. 8. Mass analyzers : double-focusing magnetic sector technology -- ch. 9. Mass analyzers : time of flight technology -- ch. 10. Mass analyzers : collision/reaction cell and interface technology -- ch. 11. Ion detectors -- ch. 12. Peak measurement protocol -- ch. 13. Methods of quantitation -- ch. 14. Review of interferences -- ch. 15. Sample preparation -- ch. 16. Routine maintenance -- ch. 17. Alternative sample introduction techniques -- ch. 18. Coupling ICP-MS with chromatographic techniques for trace element speciation -- ch. 19. Common ICP-MS applications -- ch. 20. Emerging ICP-MS application areas -- ch. 21. Comparing ICP-MS with other atomic spectroscopic techniques -- ch. 22. How to select an ICP mass spectrometer : some important analytical considerations -- ch. 23. Final thoughts.
520 ## - SUMMARY, ETC.
Summary, etc. "Presenting an in-depth discussion of the fundamental principles, analytical advantages, and practical capabilities of ICP-MS, this volume offers key concepts in a reader-friendly format suitable for those with limited knowledge of the technique. Written by an insider with more than 20 years experience in product development, customer support, and technical marketing for an ICP-MS instrument vendor, the book highlights this powerful ultra trace-element technique as a practical solution to real-world problems. The new edition has been updated and revised to cover new developments and updates to existing applications and reflects the significant new technology introduced by vendors since the second edition published"--
Assigning source Provided by publisher.
530 ## - ADDITIONAL PHYSICAL FORM AVAILABLE NOTE
Additional physical form available note Also available in print edition.
538 ## - SYSTEM DETAILS NOTE
System details note Mode of access: World Wide Web.
650 #0 - SUBJECT ADDED ENTRY--TOPICAL TERM
Topical term or geographic name as entry element Inductively coupled plasma mass spectrometry.
655 #7 - INDEX TERM--GENRE/FORM
Genre/form data or focus term Electronic books.
Source of term lcsh
776 1# - ADDITIONAL PHYSICAL FORM ENTRY
International Standard Book Number 9781466555433 (hardback)
830 #0 - SERIES ADDED ENTRY--UNIFORM TITLE
Uniform title Practical spectroscopy ;
Volume number/sequential designation v. 38.
856 40 - ELECTRONIC LOCATION AND ACCESS
Uniform Resource Identifier <a href="http://marc.crcnetbase.com/isbn/9781466555440">http://marc.crcnetbase.com/isbn/9781466555440</a>
Electronic format type application/PDF

No items available.